[Event "SVK Amateur-ch 2020"]
[Site "Topolcany"]
[Date "2020.07.10"]
[Round "1.6"]
[White "Wozniak, Marcin"]
[Black "Voros, Gellert"]
[Result "1/2-1/2"]
[WhiteElo "2212"]
[BlackElo "2182"]
[Annotator "TA"]
[PlyCount "68"]
[EventDate "2020.07.10"]
[EventType "swiss"]
[EventCountry "SVK"]
[SourceTitle "playchess.com"]
[Source "ChessBase"]
[SourceQuality "1"]

{[%evp 22,68,0,-3,0,-22,-21,-36,12,0,0,0,0,0,0,0,8,9,30,29,29,29,29,37,41,34,34,25,25,25,39,24,50,9,14,15,12,10,16,7,10,0,2,4,15,10,25,8,310]} 1. e4 e5 2. Nf3 Nc6 3. Bb5 a6 4. Bxc6 dxc6 5. O-O Bg4 6. h3 h5 7. d3 Qf6 8. Be3 Bxf3 9. Qxf3 Qxf3 10. gxf3 Bd6 11. Nd2 Ne7 12. Nc4 g5 {C68: Ruy Lopez: Exchange Variation, sidelines.} 13. Kh1 ({But not} 13. Bxg5 Rg8 $17) 13... f6 14. h4 {[#]} g4 $146 {Black is slightly better.} ({Predecessor:} 14... gxh4 15. Rg1 Kf7 16. f4 exf4 17. Nxd6+ cxd6 18. Bxf4 d5 19. Bd6 Rhg8 20. Kh2 Rg5 {0-1 (55) Larsen,B-Kolvig,B Odense 1963}) 15. Rg1 Ng6 16. fxg4 hxg4 17. Rxg4 Nxh4 18. Kg1 Kf7 19. Kf1 Rag8 (19... f5 {keeps more tension.} 20. exf5 Nxf5 21. Ke2 Rh2 22. Rag1 Rf8) 20. Rxg8 Rxg8 21. Ke2 c5 22. Rh1 Ng6 23. Rh7+ (23. Na5 {feels hotter.} b6 24. Nc4 Ke6 25. Rh6 Bf8 26. Rh7) 23... Rg7 24. Rxg7+ Kxg7 $14 {[%mdl 4096] Endgame KBN-KBN} 25. Kf3 Nf8 26. Kg4 Kg6 27. f4 exf4 28. Bxf4 Bxf4 29. Kxf4 $11 {KN-KN} Ne6+ 30. Ke3 Kg5 31. Kd2 Kf4 32. Ne3 c6 33. Nc4 Nd4 34. Na5 Ke5 $2 {[%mdl 40960] Accuracy: White = 94%, Black = 82%. . An unexpected result.} (34... b6 $11 35. Nc4 b5) 1/2-1/2

[Event "SVK Amateur-ch 2020"]
[Site "Topolcany"]
[Date "2020.07.10"]
[Round "1.6"]
[White "Frink, Ferenc"]
[Black "Hasterok, Lukasz"]
[Result "1-0"]
[WhiteElo "2075"]
[BlackElo "1622"]
[Annotator "ChessBase"]
[PlyCount "79"]
[EventDate "2020.07.10"]
[EventType "swiss"]
[EventCountry "SVK"]
[SourceTitle "playchess.com"]
[Source "ChessBase"]
[SourceQuality "1"]
[TimeControl "3600+30"]

1. e4 {[%emt 0:02:20]} c6 {[%emt 0:00:04]} 2. a3 {[%emt 0:00:35]} d5 {[%emt 0:01:25]} 3. e5 {[%emt 0:00:03]} Bf5 {[%emt 0:00:54]} 4. d4 {[%emt 0:00:09]} e6 {[%emt 0:00:38]} 5. Bd3 {[%emt 0:00:03]} Bxd3 {[%emt 0:01:12]} 6. Qxd3 {[%emt 0:00:02]} c5 {[%emt 0:00:48]} 7. c3 {[%emt 0:00:03]} Nc6 {[%emt 0:00:57]} 8. b4 {[%emt 0:00:03]} cxd4 {[%emt 0:01:17]} 9. cxd4 {[%emt 0:00:02]} Qb6 {[%emt 0:01:45]} 10. Ne2 {[%emt 0:00:10]} Nge7 {[%emt 0:01:10]} 11. O-O {[%emt 0:01:28]} Nf5 {[%emt 0:00:29]} 12. Be3 {[%emt 0:00:10]} Be7 {[%emt 0:00:28]} 13. Nbc3 {[%emt 0:00:10]} O-O {[%emt 0:08:57]} 14. Nxd5 {[%emt 0:01:33]} Qd8 {[%emt 0:09:47]} 15. Nxe7+ {[%emt 0:00:27]} Nfxe7 {[%emt 0:00:15]} 16. Qe4 {[%emt 0:00:26]} Nd5 {[%emt 0:00:26]} 17. Qg4 {[%emt 0:01:55]} Nce7 {[%emt 0:01:54]} 18. Bg5 {[%emt 0:01:14]} Qd7 {[%emt 0:00:49]} 19. Rad1 {[%emt 0:00:49]} Rac8 {[%emt 0:00:44]} 20. h4 {[%emt 0:00:40]} Nf5 {[%emt 0:00:56]} 21. Rd3 {[%emt 0:01:29]} f6 {[%emt 0:06:02]} 22. exf6 {[%emt 0:02:16]} Nxf6 {[%emt 0:00:37]} 23. Bxf6 {[%emt 0:00:11]} Rxf6 {[%emt 0:00:05]} 24. Nf4 {[%emt 0:00:42]} Rc4 {[%emt 0:01:38]} 25. Rfd1 {[%emt 0:00:55]} Qf7 {[%emt 0:10:07]} 26. g3 {[%emt 0:05:39]} b5 {[%emt 0:08:37]} 27. Nh3 {[%emt 0:03:08]} e5 {[%emt 0:03:48]} 28. dxe5 {[%emt 0:00:38]} h6 {[%emt 0:05:56]} 29. Qe2 {[%emt 0:04:33]} Rfc6 {[%emt 0:00:08]} 30. Rd7 {[%emt 0:02:40]} Qe6 {[%emt 0:01:23]} 31. Nf4 {[%emt 0:01:06]} Rxf4 {[%emt 0:00:23]} 32. gxf4 {[%emt 0:00:20]} Qg6+ {[%emt 0:00:13]} 33. Kh2 {[%emt 0:00:39]} Nxh4 {[%emt 0:01:12]} 34. Rg1 {[%emt 0:01:20]} Qf5 {[%emt 0:00:47]} 35. Rdxg7+ {[%emt 0:01:11]} Kf8 {[%emt 0:00:07]} 36. Rg8+ {[%emt 0:00:45]} Ke7 {[%emt 0:00:30]} 37. R1g7+ {[%emt 0:00:17]} Ke6 {[%emt 0:00:18]} 38. Re8+ {[%emt 0:00:26]} Kd5 {[%emt 0:00:20]} 39. Rd7+ {[%emt 0:00:15]} Qxd7 {[%emt 0:00:32]} 40. Qd3# {[%emt 0:00:12]} 1-0

[Event "SVK Amateur-ch 2020"]
[Site "Topolcany"]
[Date "2020.07.10"]
[Round "1.7"]
[White "Iolis, Oleg"]
[Black "Kubrican, Anton"]
[Result "1-0"]
[WhiteElo "2166"]
[BlackElo "1861"]
[Annotator "TA"]
[PlyCount "97"]
[EventDate "2020.07.10"]
[EventType "swiss"]
[EventCountry "SVK"]
[SourceTitle "playchess.com"]
[Source "ChessBase"]
[SourceQuality "1"]

{[%evp 9,97,29,47,43,68,62,60,51,41,43,51,45,40,4,62,-22,-21,-16,-10,-7,-27,-60,-26,-29,-33,-81,-36,-36,-37,-37,-43,-43,-25,-41,-37,-38,-36,-36,-37,-51,-44,-44,-34,-43,-7,-7,-11,-8,0,0,0,-41,-37,-29,-25,-45,-28,-13,-14,-22,0,0,0,0,0,0,0,0,132,-44,-56,-56,0,-56,-29,-29,-22,-78,-63,-66,0,0,0,0,0,0,0,0,1191,1164]} 1. e4 d6 2. d4 g6 3. Nc3 Bg7 4. Bg5 h6 5. Bh4 g5 6. Bg3 {B06: Modern Defence.} Nc6 7. Nge2 e5 8. d5 {White is slightly better.} Nce7 $1 9. f3 f5 10. Qd2 Nf6 11. O-O-O {[#]} O-O $146 (11... fxe4 $11 12. fxe4 O-O) ({Predecessor:} 11... a6 12. h4 f4 13. hxg5 hxg5 14. Rxh8+ Bxh8 15. Bf2 b5 16. g3 Ng6 17. Bg2 Bd7 {½-½ (50) Jancovic,P (2186)-Janco,D (2051) Banska Bystrica 2013}) 12. Bf2 ({White should try} 12. exf5 $14 Nxf5 13. Bf2) 12... fxe4 $11 13. fxe4 Nfxd5 14. Nxd5 Rxf2 15. Qe3 Rf8 16. Ng3 Nxd5 17. exd5 Bg4 18. Be2 Bxe2 19. Qxe2 Qe7 20. Ne4 Rf7 21. Kb1 Raf8 22. a3 Rf4 23. Rhe1 Qe8 24. b3 a6 25. a4 Qg6 26. Qc4 h5 27. g3 R4f7 28. a5 g4 29. Qb4 Rb8 30. Rh1 b5 31. axb6 $1 Rxb6 32. Qa4 a5 {[#] And now ...Rf8 would win.} 33. Qe8+ $1 Bf8 34. Rhf1 Kg7 35. Rxf7+ Qxf7 36. Qd8 Qe7 37. Qa8 Rb4 $36 {[%mdl 2048] Black has the initiative.} 38. Nc3 {[#]} Rd4 (38... a4 $1 $11 {[%mdl 512] remains equal.}) 39. Qxa5 $2 (39. Rf1 $16 {Nb5 is the strong threat.} Kg8 40. Nb5 (40. Qxa5 Qd8 $16)) 39... Rxd1+ $15 40. Nxd1 Qf7 ({Black should play} 40... Kg6 $15) 41. Qd2 (41. Nc3 $11) 41... Kg6 42. Qd3+ $1 Qf5 {With the idea ...e4.} 43. Qc4 (43. Qb5 $11) 43... Qf3 44. Nc3 Qh1+ (44... e4 $15) 45. Kb2 $11 Qxh2 46. Qe4+ Kg7 47. Qf5 {Threatens to win with Ne4.} Qxg3 {White must now prevent ...Qh4.} 48. Qg5+ Kh7 $2 {[%mdl 8192]} (48... Kf7 $11) 49. Ne4 {Accuracy: White = 72%, Black = 71%.} 1-0

[Event "SVK Amateur-ch 2020"]
[Site "Topolcany"]
[Date "2020.07.10"]
[Round "1.7"]
[White "Slovak, Pavol"]
[Black "Ihnat, Marek"]
[Result "0-1"]
[WhiteElo "1618"]
[BlackElo "2065"]
[Annotator "ChessBase"]
[PlyCount "116"]
[EventDate "2020.07.10"]
[EventType "swiss"]
[EventCountry "SVK"]
[SourceTitle "playchess.com"]
[Source "ChessBase"]
[SourceQuality "1"]
[TimeControl "3600+30"]

1. Nf3 {[%emt 0:00:00]} Nf6 {[%emt 0:00:00]} 2. d4 {[%emt 0:00:00]} g6 {[%emt 0:00:00]} 3. c4 {[%emt 0:00:01]} Bg7 {[%emt 0:00:00]} 4. Nc3 {[%emt 0:00:08]} d5 {[%emt 0:00:06]} 5. Bf4 {[%emt 0:00:23]} O-O {[%emt 0:00:20]} 6. e3 {[%emt 0:00:11]} c5 {[%emt 0:01:48]} 7. dxc5 {[%emt 0:00:22]} Qa5 {[%emt 0:00:45]} 8. Qa4 {[%emt 0:05:32]} Qxc5 {[%emt 0:05:42]} 9. b4 {[%emt 0:01:14]} Qc6 {[%emt 0:09:17]} 10. Nd4 {[%emt 0:00:20]} Qxa4 {[%emt 0:01:38]} 11. Nxa4 {[%emt 0:00:11]} Bd7 {[%emt 0:09:09]} 12. Nc5 {[%emt 0:01:09]} b6 {[%emt 0:11:18]} 13. Nxd7 {[%emt 0:03:28]} Nbxd7 {[%emt 0:00:28]} 14. Bg5 {[%emt 0:04:01]} Ne4 {[%emt 0:06:27]} 15. Bh4 {[%emt 0:01:31]} g5 {[%emt 0:10:12]} 16. Bg3 {[%emt 0:00:06]} dxc4 {[%emt 0:06:19]} 17. Bxc4 {[%emt 0:02:42]} Nxg3 {[%emt 0:00:11]} 18. hxg3 {[%emt 0:00:09]} Ne5 {[%emt 0:00:14]} 19. Bd5 {[%emt 0:01:22]} Rad8 {[%emt 0:00:58]} 20. Be4 {[%emt 0:00:48]} h6 {[%emt 0:01:53]} 21. Rd1 {[%emt 0:00:46]} e6 {[%emt 0:00:42]} 22. Ke2 {[%emt 0:01:30]} Rd7 {[%emt 0:01:38]} 23. Nc6 {[%emt 0:02:49]} Rxd1 {[%emt 0:01:32]} 24. Rxd1 {[%emt 0:00:10]} Nxc6 {[%emt 0:00:13]} 25. Bxc6 {[%emt 0:00:10]} Rc8 {[%emt 0:00:27]} 26. b5 {[%emt 0:00:08]} Rc7 {[%emt 0:00:43]} 27. g4 {[%emt 0:00:39]} Kf8 {[%emt 0:00:55]} 28. Kf3 {[%emt 0:00:39]} Ke7 {[%emt 0:00:10]} 29. Ke4 {[%emt 0:01:01]} a6 {[%emt 0:00:32]} 30. a4 {[%emt 0:00:17]} axb5 {[%emt 0:00:21]} 31. axb5 {[%emt 0:00:12]} Ra7 {[%emt 0:00:10]} 32. Rd3 {[%emt 0:00:48]} Ra4+ {[%emt 0:01:03]} 33. Kf3 {[%emt 0:00:09]} Ra7 {[%emt 0:00:14]} 34. Kg3 {[%emt 0:01:27]} Be5+ {[%emt 0:00:58]} 35. Kf3 {[%emt 0:01:16]} Bd6 {[%emt 0:00:35]} 36. Rd1 {[%emt 0:00:41]} Be5 {[%emt 0:00:07]} 37. Ke4 {[%emt 0:00:58]} Ra4+ {[%emt 0:00:53]} 38. Kf3 {[%emt 0:00:09]} Ra7 {[%emt 0:00:14]} 39. g3 {[%emt 0:00:39]} Bg7 {[%emt 0:00:40]} 40. Kg2 {[%emt 0:00:33]} Bc3 {[%emt 0:00:35]} 41. Rd3 {[%emt 0:00:44]} Bb4 {[%emt 0:00:23]} 42. f4 {[%emt 0:01:32]} Bc5 {[%emt 0:00:30]} 43. Kf3 {[%emt 0:01:06]} Kf6 {[%emt 0:00:39]} 44. Bd7 {[%emt 0:02:39]} Ra2 {[%emt 0:00:26]} 45. Be8 {[%emt 0:00:39]} Ke7 {[%emt 0:00:31]} 46. Bc6 {[%emt 0:00:11]} Ra7 {[%emt 0:00:25]} 47. e4 {[%emt 0:02:06]} Ra1 {[%emt 0:00:32]} 48. f5 {[%emt 0:01:29]} e5 {[%emt 0:00:34]} 49. Rd7+ {[%emt 0:00:59]} Kf6 {[%emt 0:00:20]} 50. Bd5 {[%emt 0:00:20]} Ra3+ {[%emt 0:00:40]} 51. Kg2 {[%emt 0:00:33]} Be7 {[%emt 0:00:29]} 52. Rb7 {[%emt 0:00:22]} Ra1 {[%emt 0:00:32]} 53. Rxb6+ {[%emt 0:00:28]} Kg7 {[%emt 0:00:09]} 54. Rc6 {[%emt 0:00:56]} Rb1 {[%emt 0:00:37]} 55. b6 {[%emt 0:00:25]} Rb2+ {[%emt 0:00:41]} 56. Kf3 {[%emt 0:00:40]} Bd8 {[%emt 0:00:16]} 57. Rc8 {[%emt 0:01:07]} Bxb6 {[%emt 0:00:15]} 58. f6+ {[%emt 0:02:17]} Kh7 {[%emt 0:00:24]} 0-1

[Event "SVK Amateur-ch 2020"]
[Site "Topolcany"]
[Date "2020.07.10"]
[Round "1.8"]
[White "Hasterok, Mateusz"]
[Black "Durovka, Marek"]
[Result "1-0"]
[WhiteElo "2056"]
[BlackElo "1593"]
[Annotator "ChessBase"]
[PlyCount "61"]
[EventDate "2020.07.10"]
[EventType "swiss"]
[EventCountry "SVK"]
[SourceTitle "playchess.com"]
[Source "ChessBase"]
[SourceQuality "1"]
[TimeControl "3600+30"]

1. d4 {[%emt 0:00:00]} d5 {[%emt 0:00:00]} 2. c4 {[%emt 0:00:00]} c6 {[%emt 0:00:00]} 3. Nc3 {[%emt 0:00:00]} Nf6 {[%emt 0:00:09]} 4. e3 {[%emt 0:00:00]} Bg4 {[%emt 0:03:02]} 5. Nf3 {[%emt 0:03:13]} e6 {[%emt 0:00:29]} 6. Be2 {[%emt 0:01:04]} Bd6 {[%emt 0:01:46]} 7. O-O {[%emt 0:01:07]} O-O {[%emt 0:00:49]} 8. Ne5 {[%emt 0:07:01]} Bxe2 {[%emt 0:01:08]} 9. Qxe2 {[%emt 0:00:24]} Nbd7 {[%emt 0:00:11]} 10. f4 {[%emt 0:01:15]} Qe7 {[%emt 0:08:16]} 11. Bd2 {[%emt 0:02:33]} Rfd8 {[%emt 0:02:29]} 12. c5 {[%emt 0:03:38]} Bc7 {[%emt 0:00:09]} 13. Be1 {[%emt 0:00:25]} Nxe5 {[%emt 0:02:51]} 14. fxe5 {[%emt 0:00:21]} Nd7 {[%emt 0:01:45]} 15. Qg4 {[%emt 0:01:33]} Rf8 {[%emt 0:03:37]} 16. Bh4 {[%emt 0:04:41]} f6 {[%emt 0:10:19]} 17. e4 {[%emt 0:02:49]} b6 {[%emt 0:10:19]} 18. exd5 {[%emt 0:01:02]} exd5 {[%emt 0:00:22]} 19. Rae1 {[%emt 0:03:29]} Bxe5 {[%emt 0:07:23]} 20. cxb6 {[%emt 0:10:13]} axb6 {[%emt 0:00:53]} 21. dxe5 {[%emt 0:00:31]} Nxe5 {[%emt 0:00:17]} 22. Qf5 {[%emt 0:02:30]} d4 {[%emt 0:02:09]} 23. Nd1 {[%emt 0:04:08]} Rxa2 {[%emt 0:04:10]} 24. Bg3 {[%emt 0:01:31]} Ra5 {[%emt 0:01:32]} 25. Qc2 {[%emt 0:00:58]} Rd8 {[%emt 0:01:44]} 26. Qb3+ {[%emt 0:03:04]} Rdd5 {[%emt 0:00:46]} 27. Bxe5 {[%emt 0:00:50]} fxe5 {[%emt 0:00:10]} 28. Qxb6 {[%emt 0:01:31]} Qd6 {[%emt 0:00:48]} 29. Qb7 {[%emt 0:02:44]} Qd7 {[%emt 0:01:46]} 30. Rxe5 {[%emt 0:00:09]} h6 {[%emt 0:01:46]} 31. Qxd7 {[%emt 0:00:07]} 1-0

[Event "SVK Amateur-ch 2020"]
[Site "Topolcany"]
[Date "2020.07.10"]
[Round "1.8"]
[White "Marsina, Stefan"]
[Black "Bango, Lukas"]
[Result "0-1"]
[WhiteElo "1854"]
[BlackElo "2153"]
[Annotator "TA"]
[PlyCount "40"]
[EventDate "2020.07.10"]
[EventType "swiss"]
[EventCountry "SVK"]
[SourceTitle "playchess.com"]
[Source "ChessBase"]
[SourceQuality "1"]

{[%evp 13,40,0,4,-25,-16,-9,-19,-33,-28,-51,-40,-52,-49,-70,-26,-50,-35,-310,-319,-314,-310,-316,-328,-317,-314,-914,-905,-1395,-1258]} 1. d4 Nf6 2. Nf3 e6 3. c4 c5 4. Nc3 cxd4 5. Nxd4 Bb4 6. Bd2 Nc6 7. e3 O-O 8. Nxc6 {A32: Symmetrical English: 2 Nf3 Nf6 3 d4 cxd4 4 Nxd4 e6.} bxc6 9. Bd3 d5 10. a3 {The position is equal.} Bd6 {[#]} 11. Ne2 $146 ({Predecessor:} 11. O-O Bb7 12. Qe2 c5 13. Rad1 a6 14. e4 dxe4 15. Nxe4 Nxe4 16. Bxe4 Bxh2+ 17. Kxh2 {½-½ (58) Eiber,M (2154)-Moehn,H (2389) Fuerth 2015}) 11... e5 12. Rc1 e4 13. Bb1 Ng4 14. cxd5 cxd5 {Hoping for ...Qh4!} 15. Nf4 $2 {[%mdl 8192]} ({White should play} 15. h3 $15 Qh4 16. Rf1) 15... Bxf4 $1 $19 16. exf4 {[#]} Qh4 $1 {[%csl Gg4,LRf2,LRh2][%cal Rh4f2][%mdl 512]} 17. g3 Qh3 {And now ...Qg2! would win.} 18. Qe2 Nxh2 19. Bxe4 $2 (19. Bc3) 19... dxe4 20. Qxe4 Bg4 {White did not feel at home in the position after the opening. Accuracy: White = 44%, Black = 90%.} 0-1

[Event "SVK Amateur-ch 2020"]
[Site "Topolcany"]
[Date "2020.07.10"]
[Round "1.9"]
[White "Viczencz, Peter"]
[Black "Juan Lepp, Jaime Boris"]
[Result "1-0"]
[WhiteElo "2153"]
[BlackElo "1853"]
[Annotator "TA"]
[PlyCount "97"]
[EventDate "2020.07.10"]
[EventType "swiss"]
[EventCountry "SVK"]
[SourceTitle "playchess.com"]
[Source "ChessBase"]
[SourceQuality "1"]

{[%evp 9,97,93,83,47,70,55,83,10,7,0,51,0,0,0,0,0,0,0,0,0,0,0,0,0,0,0,0,-74,0,0,16,23,15,0,0,0,20,24,27,22,25,17,17,31,25,16,25,-20,25,31,25,15,16,24,26,34,39,54,54,15,20,20,217,217,217,217,535,535,516,217,639,593,501,500,910,822,29976,29978,29979,29980,29980,29980,29981,29982,29982,29983,29983,29984,29983,29975]} 1. e4 e5 2. Nf3 d6 3. d4 Bg4 4. dxe5 Nd7 5. exd6 Bxd6 6. Bb5 {C41: Philidor Defence.} Qe7 7. Bxd7+ Qxd7 {[#]} 8. O-O $146 (8. Nc3 $16) ({Predecessor:} 8. e5 Bb4+ 9. c3 Qxd1+ 10. Kxd1 O-O-O+ 11. Ke2 Bc5 12. Be3 Bxe3 13. Kxe3 Ne7 14. Nbd2 {1-0 (40) Applebaum,A-Cardona,Y (2233) Wheeling 2010}) 8... O-O-O $11 9. Nc3 Nf6 (9... Ne7 $11) 10. Bg5 (10. Qe2 $14) 10... Qe6 11. Qe2 $1 h6 12. Bxf6 Qxf6 13. Qe3 Bf4 14. Qxa7 Bxf3 $1 15. Qa8+ $1 (15. gxf3 $2 Qg6+ 16. Kh1 Qh5 $1 $19 {[%mdl 512]}) 15... Kd7 16. Qa4+ Kc8 17. Qa8+ $1 ({But not} 17. gxf3 $2 Qg5+ 18. Kh1 Qh5 $1 $19 {[%mdl 512]}) 17... Kd7 18. Qxb7 {[#]} (18. Qa4+ $11 Kc8 19. Qa8+ (19. gxf3 $2 Qg6+ 20. Kh1 Qh5 $19 {[%mdl 64] Double Attack})) 18... Qh4 ({Don't play} 18... Qg5 $6 19. Qd5+ Kc8 20. Qxg5 $11) ({Better is} 18... Qg6 $1 $17 {[%csl Gf3][%cal Rg6g2]} 19. g3 Rb8 20. Qd5+ Bd6) 19. h3 $1 {Strongly threatening Qb5+.} Qg5 {[%csl Gf3][%cal Rg5g2]} 20. Qd5+ $1 {[%mdl 64] [#] Double Attack} Kc8 $1 {[%csl Gf3][%cal Rg5g2]} 21. Qa8+ {[#]} Kd7 $1 {[%csl Gf3][%cal Rg5g2]} 22. Qd5+ $1 {[%mdl 64] [#] Double Attack} Kc8 $1 {[%csl Gf3][%cal Rg5g2]} 23. Qxg5 hxg5 24. gxf3 {And now Nd5 would win.} Rxh3 25. Rfd1 {aiming for Rxd8+.} Rdh8 {( -> ...Rh1+)} 26. Kf1 Rxf3 {White must now prevent ...Rh2.} 27. Ke2 g4 28. Rh1 Rfh3 (28... Re8 {is more complex.} 29. Rae1 g6 30. Rh7 Bd6 31. Kf1 Bb4) 29. Rxh3 gxh3 {[%mdl 4096] Endgame KRB-KRN} 30. Nd5 h2 31. Rh1 Be5 32. b3 Rh4 33. f3 Rh6 34. a4 Kb7 35. Ne3 {Ng4 is the strong threat.} Rc6 $2 {Black cannot hold the game after this.} (35... Bf4 $11 {and Black has nothing to worry.}) 36. Nc4 $18 Rxc4 37. bxc4 {KR-KB} Bf4 $2 (37... Ka6 {is more resistant.} 38. Kf1 Kb6) 38. Kf2 Kb6 39. Kg2 Be5 $2 (39... Ka5 40. Rb1 Kxa4) 40. Rd1 f6 41. Rd7 g5 (41... g6 $142 42. Rd5 Bg3 43. Rb5+ Ka7) 42. Rd5 c6 {[#]} 43. Rxe5 $1 {White mates.} fxe5 44. Kxh2 {KP-KP} Ka5 45. Kg3 Kxa4 46. Kg4 Kb4 47. Kf5 Kxc4 48. Kxe5 Kc3 49. Kf6 {Accuracy: White = 85%, Black = 59%.} 1-0

[Event "SVK Amateur-ch 2020"]
[Site "Topolcany"]
[Date "2020.07.10"]
[Round "1.9"]
[White "Galdik, Stefan"]
[Black "Blaho, Stefan"]
[Result "0-1"]
[WhiteElo "1583"]
[BlackElo "2054"]
[Annotator "ChessBase"]
[PlyCount "85"]
[EventDate "2020.07.10"]
[EventType "swiss"]
[EventCountry "SVK"]
[SourceTitle "playchess.com"]
[Source "ChessBase"]
[SourceQuality "1"]
[TimeControl "3600+30"]

1. d4 {[%emt 0:00:00]} d5 {[%emt 0:00:00]} 2. c4 {[%emt 0:00:00]} e6 {[%emt 0:00:05]} 3. Nc3 {[%emt 0:00:00]} Nf6 {[%emt 0:00:18]} 4. Bg5 {[%emt 0:00:03]} Bb4 {[%emt 0:00:17]} 5. e3 {[%emt 0:00:20]} Nbd7 {[%emt 0:01:36]} 6. a3 {[%emt 0:01:14]} Bxc3+ {[%emt 0:01:14]} 7. bxc3 {[%emt 0:00:04]} c5 {[%emt 0:00:40]} 8. Nf3 {[%emt 0:02:09]} Qa5 {[%emt 0:00:23]} 9. Qb3 {[%emt 0:02:07]} O-O {[%emt 0:00:14]} 10. Bxf6 {[%emt 0:00:52]} Nxf6 {[%emt 0:00:04]} 11. Bd3 {[%emt 0:00:29]} cxd4 {[%emt 0:07:53]} 12. exd4 {[%emt 0:00:16]} dxc4 {[%emt 0:04:29]} 13. Bxc4 {[%emt 0:04:22]} b5 {[%emt 0:00:52]} 14. Be2 {[%emt 0:02:54]} Nd5 {[%emt 0:07:21]} 15. Rc1 {[%emt 0:00:35]} Nf4 {[%emt 0:06:13]} 16. g3 {[%emt 0:11:18]} Nxe2 {[%emt 0:00:16]} 17. Kxe2 {[%emt 0:00:30]} Bb7 {[%emt 0:01:24]} 18. Rhe1 {[%emt 0:06:21]} Rac8 {[%emt 0:03:15]} 19. Ne5 {[%emt 0:00:16]} Rc7 {[%emt 0:01:31]} 20. Qb4 {[%emt 0:01:27]} Qb6 {[%emt 0:00:33]} 21. Kf1 {[%emt 0:01:51]} Rfc8 {[%emt 0:01:22]} 22. Re3 {[%emt 0:03:07]} a5 {[%emt 0:12:54]} 23. Qb2 {[%emt 0:00:11]} Bd5 {[%emt 0:04:19]} 24. Ree1 {[%emt 0:09:49]} f6 {[%emt 0:06:20]} 25. Nd3 {[%emt 0:02:15]} Bc4 {[%emt 0:00:15]} 26. Red1 {[%emt 0:05:43]} Qc6 {[%emt 0:00:13]} 27. Kg1 {[%emt 0:00:53]} Qf3 {[%emt 0:03:24]} 28. Ne1 {[%emt 0:02:56]} Qe2 {[%emt 0:00:08]} 29. Qxe2 {[%emt 0:00:18]} Bxe2 {[%emt 0:00:02]} 30. Rd2 {[%emt 0:00:42]} Bh5 {[%emt 0:01:49]} 31. Rb2 {[%emt 0:05:43]} Rxc3 {[%emt 0:00:10]} 32. Rxc3 {[%emt 0:00:04]} Rxc3 {[%emt 0:00:03]} 33. Rxb5 {[%emt 0:00:47]} Rxa3 {[%emt 0:00:06]} 34. Rxh5 {[%emt 0:00:58]} f5 {[%emt 0:00:15]} 35. Nc2 {[%emt 0:03:53]} Rc3 {[%emt 0:00:25]} 36. Ne3 {[%emt 0:00:17]} a4 {[%emt 0:02:22]} 37. Nxf5 {[%emt 0:00:40]} a3 {[%emt 0:03:53]} 38. Ne7+ {[%emt 0:00:58]} Kf7 {[%emt 0:00:01]} 39. Ra5 {[%emt 0:00:03]} Kxe7 {[%emt 0:00:13]} 40. Ra6 {[%emt 0:01:13]} Kd7 {[%emt 0:01:33]} 41. Kg2 {[%emt 0:00:02]} Rb3 {[%emt 0:00:26]} 42. h3 {[%emt 0:00:24]} Kc7 {[%emt 0:00:10]} 43. Rd6 {[%emt 0:00:09]} 0-1

[Event "SVK Amateur-ch 2020"]
[Site "Topolcany"]
[Date "2020.07.10"]
[Round "1.10"]
[White "Matejov, Jaroslav"]
[Black "Sabela, Pavol"]
[Result "1-0"]
[WhiteElo "2047"]
[BlackElo "1582"]
[Annotator "ChessBase"]
[PlyCount "48"]
[EventDate "2020.07.10"]
[EventType "swiss"]
[EventCountry "SVK"]
[SourceTitle "playchess.com"]
[Source "ChessBase"]
[SourceQuality "1"]
[TimeControl "3600+30"]

1. e4 {[%emt 0:00:32]} e5 {[%emt 0:00:00]} 2. Nf3 {[%emt 0:00:02]} d6 {[%emt 0:01:17]} 3. d4 {[%emt 0:00:00]} exd4 {[%emt 0:00:30]} 4. Nxd4 {[%emt 0:00:27]} Ne7 {[%emt 0:00:27]} 5. Bc4 {[%emt 0:00:49]} Ng6 {[%emt 0:00:49]} 6. f4 {[%emt 0:01:51]} Be7 {[%emt 0:00:23]} 7. O-O {[%emt 0:00:35]} c6 {[%emt 0:02:44]} 8. c3 {[%emt 0:02:36]} b5 {[%emt 0:01:23]} 9. Bb3 {[%emt 0:00:10]} a5 {[%emt 0:00:11]} 10. a4 {[%emt 0:00:33]} b4 {[%emt 0:00:52]} 11. Qh5 {[%emt 0:04:52]} O-O {[%emt 0:06:21]} 12. Be3 {[%emt 0:03:45]} c5 {[%emt 0:00:27]} 13. Nb5 {[%emt 0:02:24]} Bb7 {[%emt 0:00:37]} 14. Bd5 {[%emt 0:01:45]} Bxd5 {[%emt 0:00:30]} 15. Qxd5 {[%emt 0:00:11]} Ra6 {[%emt 0:00:57]} 16. Nd2 {[%emt 0:00:27]} Bf6 {[%emt 0:03:31]} 17. Rad1 {[%emt 0:01:15]} Rc6 {[%emt 0:04:55]} 18. Nc4 {[%emt 0:01:03]} bxc3 {[%emt 0:02:11]} 19. bxc3 {[%emt 0:00:19]} Qe7 {[%emt 0:02:36]} 20. Ncxd6 {[%emt 0:01:09]} Rd8 {[%emt 0:00:15]} 21. e5 {[%emt 0:00:16]} Nxe5 {[%emt 0:07:39]} 22. fxe5 {[%emt 0:00:34]} Bxe5 {[%emt 0:00:08]} 23. Nf5 {[%emt 0:01:06]} Qd7 {[%emt 0:08:57]} 24. Qxe5 {[%emt 0:00:27]} Qxd1 {[%emt 0:03:44]} 1-0